El nacimiento de la inteligencia en el niño

Na minha lista:
Detalhes bibliográficos
Autor principal: Piaget, Jean (Autor)
Formato: Livro
Idioma:espanhol
Publicado em: Barcelona Crítica 2000
Edição:1a. ed
coleção:Biblioteca de Bolsillo, 36
Tags: Adicionar Tag
Sem tags, seja o primeiro a adicionar uma tag!

MARC

LEADER 00000nam a2200000 a 4500
001 UCJ2910
003 CL-VaPUC
008 070119e20000000SP |||||||||||||||||spa|d
020 |a 848432074X 
082 0 4 |a 155.413  |b PIA  |2 21 
100 0 |a Piaget, Jean  |e author  |9 308149 
245 1 3 |a El nacimiento de la inteligencia en el niño 
250 |a 1a. ed 
300 |a 398 p 
942 |c BK 
945 |d 20070119 00:00:00  |a jtorresc 
260 |a Barcelona  |b Crítica  |c 2000 
500 |a Donación de la Dra. Marianne Peronard Thierry 
583 |a last modification  |c 20070119 00:00:00  |k Rodrigo Vera 
490 0 |a Biblioteca de Bolsillo, 36 
999 |c 319039  |d 319037 
952 |0 0  |1 0  |4 0  |6 155_413000000000000_PIA_2000  |7 0  |8 A  |9 397273  |a FDOPOS  |b FDOPOS  |d 2019-11-22  |i 4317955  |o 155.413 PIA 2000  |p 4317955  |r 2025-01-22  |w 2019-11-22  |y BK  |k MLA